000 00282nam a2200109Ia 4500
008 220120s9999||||xx |||||||||||||| ||und||
100 _aRashid, Muhammad, H
245 0 _aPower electronics
260 _aPrentice hall of india
_bBangalore
_c2001
300 _b0
650 _aMECHANICHAL
999 _c137297
_d137297